Statistics for Dead By Daylight Items

Click here to take the quiz!

General Stats

  • This quiz has been taken 35 times
  • The average score is 7 of 22

Answer Stats

Tool Description (Shortened)Item Name% Correct
Lights Your WayFlashlight
85%
Metal Box With Basic UtensilsToolbox
81%
Old Piece Of Skin-Like MaterialMap
48%
Bent And Dull Version Of AboveDull Key
37%
Fresh Version Of Above, Wrapped In Colored RopesRainbow Map
37%
The Bow And Shank, Vibrating With PowerBroken Key
33%
Tarnished And Crooked Version Of AboveSkeleton Key
33%
Contains All Standard Supplies, To Treat InjuriesFirst Aid Kit
33%
Metal Box Containing Mostly Saws, But Can Still Help RepairAlex's Tool Box
30%
Metal Box Containing Highly Specialized UtensilsEngineers Toolbox
30%
Metal Box With Well Used UtensilsWorn Out Tools
26%
Metal Container With Specialised UtensilsMechanics Toolbox
22%
Metal Box Containing Every Basic Utensil, And Spare PartsCommodious Toolbox
19%
Lacks Some Baisc Supplies, But Can Save LivesCamping Aid Kit
19%
Loud, Bright Dinner Table Decoration (Event)Winter Party Starter
19%
Heavy, But Sturdy Version Of AboveUtility Flashlight
19%
More Efficient Version Of AboveSports Flashlight
19%
Aimed For Use In Hard To Reach AreasRanger Med-Kit
15%
Orange Tinted, And Haunted Version Of AboveWill O'Wisp
15%
Can Be Used For Traditional Celebration (Event)Chinese Firecracker
15%
Well Organized, And Equipped With Top Notch SuppliesEmergency Med-Kit
11%
Plastic Container, Packed With Medical Supplies (Event)All Hallows Eve' Lunchbox
7%

Score Distribution

Percentile by Number Answered

Percent of People with Each Score

Your Score History

You have not taken this quiz